| 000 | 00578nam a22001817a 4500 | ||
|---|---|---|---|
| 999 |
_c187129 _d187129 |
||
| 005 | 20220401144635.0 | ||
| 010 | _aENG-132205 | ||
| 020 |
_a9789388409223 _c895.00 |
||
| 035 | _aEN-115737 | ||
| 037 | _bDBAD/PUB | ||
| 082 | _a327.54 | ||
| 100 | _aPant, Harsh V | ||
| 245 |
_aIndian Foreign Policy: _bThe Modi Era/ _cHarsh V Pant |
||
| 260 |
_aNew Delhi _bHar anand Publications Pvt Ltd _c2019 |
||
| 270 |
_aE-49/3, Okhla Industrial Area, Phase-II _e110020 _bNew Delhi _mharanand@rediffmail.com |
||
| 300 |
_a314p. _c23cm(hbk) |
||
| 942 |
_2ddc _cEN _mPAN _h327.54 |
||